Tereplövészethez használt légfegyver beállításának támogatása

Elmentve itt :
Bibliográfiai részletek
Szerző: Kirschner Antal
További közreműködők: Matijevics István (Témavezető)
Dokumentumtípus: Szakdolgozat
Megjelent: 2016
Tárgyszavak:
Online Access:http://diploma.bibl.u-szeged.hu/66201
LEADER 00810nta a2200181 i 4500
001 dipl66201
005 20220218090534.0
008 170607s2016 hu om 0|| zxx d
040 |a SZTE Diploma Repozitórium  |b hun 
041 |a zxx 
100 1 |a Kirschner Antal 
245 1 0 |a Tereplövészethez használt légfegyver beállításának támogatása  |h [elektronikus dokumentum] /  |c Antal Kirschner 
246 1 0 |a Supporting to set up air rifle used for Field Target  |h [elektronikus dokumentum] 
260 |c 2016 
650 4 |a Természettudományok 
700 1 |a Matijevics István  |e ths 
856 4 0 |u http://diploma.bibl.u-szeged.hu/id/eprint/66201/1/2016_Kirschner_Antal_KIAUAAT_SZE_SZ.pdf  |z Dokumentum-elérés  
856 4 0 |u http://diploma.bibl.u-szeged.hu/id/eprint/66201/7/2016_kirschner_antal_melleklet.tgz  |z Dokumentum-elérés